|
|
|
|
| LEADER |
00000nab a2200000 a 4500 |
| 001 |
vtls000119219 |
| 003 |
SK-MaSNL |
| 005 |
20260304205622.0 |
| 008 |
250423c1982 xo 0 slo |
| 015 |
|
|
|a SNBRB19rr/mm-uuuuu
|
| 035 |
|
|
|a CL0129324
|
| 035 |
|
|
|a urn:nbn:sk:snk-abbb55
|
| 035 |
|
|
|a (urnnbn)urn:nbn:sk:snk:ar-000nuo
|
| 035 |
|
|
|a (uuid)74fc883f-ed17-4df3-994d-0af941bb1184
|
| 040 |
|
|
|a SNKBUCL
|b slo
|c SNKBUCL
|e AACR2
|
| 041 |
0 |
|
|a ukr
|
| 044 |
|
|
|a xo
|c SK
|
| 080 |
|
|
|a 82:061:885.4(=83)
|2 1981
|
| 080 |
|
|
|a 061
|2 1981
|
| 080 |
|
|
|a 885.4(=83)
|2 1981
|
| 080 |
|
|
|a 883 (437)
|2 1981
|
| 100 |
1 |
|
|a Iľuk, Miroslav,
|d 1942-
|4 aut
|9 6395
|
| 245 |
1 |
0 |
|a Holovnyj heroj-sučasnyk
|b /Hlavný hrdina-súčasník./
|c Myroslav Iľuk
|
| 300 |
|
|
|b Obr. 1.
|
| 610 |
2 |
7 |
|a Zväz slovenských spisovateľov
|2 snkbucl
|9 159767
|
| 650 |
0 |
7 |
|a literatúra ukrajinská
|z Česko-Slovensko
|2 snkbucl
|9 921476
|
| 655 |
|
7 |
|a články z novín a časopisov
|2 snkbucl
|9 267496
|
| 655 |
|
7 |
|a články z odboru literárna veda a krásna literatúra
|2 snkbucl
|9 770045
|
| 773 |
0 |
|
|t Duklja
|g Roč. 30, č. 1 (1982), s. 50-56
|
| 850 |
|
|
|a Slovenská národná knižnica
|
| 852 |
|
|
|a Slovenská národná knižnica
|
| 958 |
|
|
|a article15
|
| 958 |
|
|
|a RK
|
| 958 |
|
|
|a LX
|
| 958 |
|
|
|a SK
|
| 958 |
|
|
|a OND
|
| 958 |
|
|
|a EUIPO
|
| 992 |
|
|
|a RBX
|
| 999 |
|
|
|c 3121981
|d 3123911
|